000 00690nam a2200169Ia 4500
008 090711s9999 xx 000 0 und d
082 _b47720
100 _aपाटणकर जी. एस.
245 _aशेतकऱ्यांSो जोड धंदे (भाग पहिला)
260 _bकेशव भिकाजी ढवळे
_c1980
300 _a160
600 _aपाटणकर जी. एस.
630 _aशेतकऱ्यांSो जोड धंदे (भाग पहिला)
700 _aपाटणकर जी. एस.
730 _aशेतकऱ्यांSो जोड धंदे (भाग पहिला)
942 _cBOOK
999 _c328944
_d328944